Catálogo

La etnografía : (Registro nro. 63894)

Detalles MARC
000 -LEADER
fixed length control field 00670nam a2200229 u 4500
001 - CONTROL NUMBER
control field 63894
005 - DATE AND TIME OF LATEST TRANSACTION
control field 20180714070520.0
008 - FIXED-LENGTH DATA ELEMENTS--GENERAL INFORMATION
fixed length control field 160204s2011 ag r 000 0 spa d
020 ## - INTERNATIONAL STANDARD BOOK NUMBER
International Standard Book Number 9789876291576
041 ## - LANGUAGE CODE
Language code of text/sound track or separate title spa
082 0# - DEWEY DECIMAL CLASSIFICATION NUMBER
Classification number 305.8
Item number GUB
100 1# - MAIN ENTRY--PERSONAL NAME
Personal name Gúber, Rosana,
Relator term autor
245 13 - TITLE STATEMENT
Title La etnografía :
Remainder of title método, campo y reflexividad /
Statement of responsibility, etc. Rosana Guber.
250 ## - EDITION STATEMENT
Edition statement Primera edición
264 #1 - PRODUCTION, PUBLICATION, DISTRIBUTION, MANUFACTURE, AND COPYRIGHT NOTICE
Place of production, publication, distribution, manufacture Argenina :
Name of producer, publisher, distributor, manufacturer Siglo Veintiuno Editores,
Date of production, publication, distribution, manufacture, or copyright notice 2011
300 ## - PHYSICAL DESCRIPTION
Extent 160 páginas ;
Dimensions 20 cm.
336 ## - CONTENT TYPE
Content type term texto
Source rdacontent
337 ## - MEDIA TYPE
Media type term sin mediación
Source rdamedia
338 ## - CARRIER TYPE
Carrier type term volumen
Source rdacarrier
490 0# - SERIES STATEMENT
Series statement Mínima
650 #4 - SUBJECT ADDED ENTRY--TOPICAL TERM
Topical term or geographic name entry element Etnografía
Existencias
Withdrawn status Lost status Source of classification or shelving scheme Damaged status Not for loan Collection code Home library Current library Shelving location Date acquired Source of acquisition Inventory number Total Checkouts Full call number Barcode Date last seen Date last checked out Price effective from Koha item type
    Dewey Decimal Classification     General Biblioteca Karol Wojtyla Biblioteca Karol Wojtyla Sala general 04/02/2016 Compra 151000000000000000053614 1 305.8 GUB 2011 94898 05/01/2026 28/04/2022 04/02/2016 Libro